| 000 | 00477nam a2200145 4500 | ||
|---|---|---|---|
| 001 | 317 | ||
| 005 | 20181127161303.0 | ||
| 008 | 110302s2010 bt 000 0 eng | ||
| 245 | 0 | 0 |
_aMindful living in Bhutan / _cKhenpo Phuntsok Tashi. |
| 260 |
_aThimphu : _bKhenpo Phuntsok Tashi, _c2010. |
||
| 300 | _axv, 262 p. | ||
| 650 |
_aMeditation --Buddhism. _v _x _y _z _2 |
||
| 650 |
_aReligious life --Buddhism --Bhutan. _v _x _y _z _2 |
||
| 700 |
_aTashi, Khenpo Phuntsok. _b _c _d _e _k _l _m _n _o _p _q _r _s _t |
||
| 999 |
_c281 _d281 |
||